<?xml version="1.0" encoding="UTF-8"?>
<record
    xmlns:xsi="http://www.w3.org/2001/XMLSchema-instance"
    xsi:schemaLocation="http://www.loc.gov/MARC21/slim http://www.loc.gov/standards/marcxml/schema/MARC21slim.xsd"
    xmlns="http://www.loc.gov/MARC21/slim">

  <leader>01373nam a2200205 a 4500</leader>
  <controlfield tag="008">180528e2001    ag ||||g |||| 00| f spa d</controlfield>
  <datafield tag="020" ind1=" " ind2=" ">
    <subfield code="a">9500422794</subfield>
  </datafield>
  <datafield tag="041" ind1=" " ind2=" ">
    <subfield code="a">spa</subfield>
  </datafield>
  <datafield tag="092" ind1=" " ind2=" ">
    <subfield code="c">808</subfield>
    <subfield code="l">46</subfield>
    <subfield code="s">KNO</subfield>
  </datafield>
  <datafield tag="100" ind1="1" ind2=" ">
    <subfield code="a">Knox, Malcolm</subfield>
    <subfield code="9">3957</subfield>
  </datafield>
  <datafield tag="245" ind1=" " ind2=" ">
    <subfield code="a">Verano infiel /</subfield>
    <subfield code="c">Malcolm Knox</subfield>
  </datafield>
  <datafield tag="250" ind1=" " ind2=" ">
    <subfield code="a">1a ed.</subfield>
    <subfield code="b">Traducci&#xF3;n Maria Martoccia</subfield>
  </datafield>
  <datafield tag="260" ind1=" " ind2=" ">
    <subfield code="a">Buenos Aires:</subfield>
    <subfield code="b">Emec&#xE9;;</subfield>
    <subfield code="c">2001.</subfield>
  </datafield>
  <datafield tag="300" ind1=" " ind2=" ">
    <subfield code="a">287 p.</subfield>
  </datafield>
  <datafield tag="500" ind1=" " ind2=" ">
    <subfield code="a">Knox, M. (2001). Verano infiel. (1a ed.). Buenos Aires : Emec&#xE9;.</subfield>
  </datafield>
  <datafield tag="505" ind1=" " ind2=" ">
    <subfield code="a">Hugh y Richard son &#xED;ntimos amigos. Como cada a&#xF1;o desde que pueden recordar, ellos y sus mujeres pasan las vacaciones en las doradas costas de Palm Beach. Son verdaderos privilegiados: j&#xF3;venes, hermosos y ricos, viven en un mundo de posibilidades ilimitadas. Hugh es el heredero de un poderoso imperio agropecuario, apuesto, audaz y obsesionado consigo mismo. Est&#xE1; casado con Helen, una aut&#xE9;ntica belleza, que lo apoya y le consiente todo. Pup, escritora mordaz, es la esposa de Richard, el narrador de esta inquietante historia. Ahora, el para&#xED;so de todos los veranos se ha perdido y sus vidas brillantes se oscurecieron con el enga&#xF1;o y la tragedia. Verano infiel es el formidable debut de Malcolm Knox, autor revelaci&#xF3;n de la nueva novela australiana. </subfield>
  </datafield>
  <datafield tag="590" ind1=" " ind2=" ">
    <subfield code="a">Proyecto 4to libro. Donaci&#xF3;n Victoria Lara, mayo 2018</subfield>
  </datafield>
  <datafield tag="655" ind1=" " ind2=" ">
    <subfield code="a">Literatura</subfield>
    <subfield code="9">2917</subfield>
  </datafield>
  <datafield tag="942" ind1=" " ind2=" ">
    <subfield code="2">ddc</subfield>
    <subfield code="c">LIT</subfield>
  </datafield>
  <datafield tag="999" ind1=" " ind2=" ">
    <subfield code="c">2800</subfield>
    <subfield code="d">2800</subfield>
  </datafield>
  <datafield tag="952" ind1=" " ind2=" ">
    <subfield code="0">0</subfield>
    <subfield code="1">0</subfield>
    <subfield code="2">ddc</subfield>
    <subfield code="4">0</subfield>
    <subfield code="7">0</subfield>
    <subfield code="8">FIC</subfield>
    <subfield code="a">BFM</subfield>
    <subfield code="b">BFM</subfield>
    <subfield code="c">CR</subfield>
    <subfield code="d">2018-05-28</subfield>
    <subfield code="e">Donacion</subfield>
    <subfield code="l">0</subfield>
    <subfield code="o">808 46 KNO</subfield>
    <subfield code="p">4310</subfield>
    <subfield code="r">2018-05-28</subfield>
    <subfield code="t">Ej. 1</subfield>
    <subfield code="w">2018-05-28</subfield>
    <subfield code="y">LIT</subfield>
    <subfield code="z">Proyecto 4to libro. Donaci&#xF3;n Victoria Lara, mayo 2018</subfield>
  </datafield>
</record>
